000 00324nam a2200133Ia 4500
008 150201s2006 xx 000 0 und d
082 _a616.07
_bH06T
100 _aTALWAR,GP
245 2 _aA HB OF PRACTICAL CLINICAL IMMUNOLOGY-2
250 _a2ND
260 _bCBS
_aDELHI
_c2006
650 _aMICROBIOLOGY
942 _2ddc
_cBK
_02
999 _c897
_d897